000 00277nam a2200097Ia 4500
001 642021
005 20250826153518.0
008 250824s9999 xx 000 0 und d
245 0 _aKALBİMİN EFENDİSİ 2 PEYGAMBERİMİZİN MEKKE DÖNEMİ
_cSALİH SURUÇ
260 _bGENÇ TİMAŞ
999 _c642021
_d642021